000 00770nam a2200229Ii 4500
003 JO-AjNU
008 230605s9999||||xx |||||||||||||| ||und||
017 _a2003/20915
020 _a977-327-428-4
040 _aJO-AjNU
_bara
_erda
_cJO-AjNU
041 _aara
050 1 4 _aPJ8401.M3922 2004
100 3 _aميدان،أيمن محمد علي,
_eauthor
_934048
245 0 0 _aدراسات في الأدب الأندلسي
250 _aط1
264 3 1 _aالإسكندرية: دار الوفاء لدنيا الطباعة والنشر، 2004
300 _a227ص
336 _atext
_btxt
_2rdacontent
337 _aunmediated
_bn
_2rdamedia
338 _avolume
_bnc
_2rdacarrier
650 4 _aالأدب العربي - دراسة ونقد - الأندلس
_934049
999 _aA13919
_c17487
_d17487